000 00511nam a22001937a 4500
005 20260311140245.0
008 260311b |||||||| |||| 00| 0 eng d
037 _cDSWL
040 _aDSWL
_cDSWL
041 _heng
100 _aHollander, Myles
_91131675
245 _aNonparamatic stastistical method
250 _a3rd
260 _aNew Jersey,
_bCanada,
_c2014
300 _a819p
365 _aUSD
_b132.95
942 _2CC
_cTEXL
_n0
999 _c1715123
_d1715123